[Event "GER-chT U16"]
[Site "Lingen"]
[Date "2015.12.29"]
[Round "6.4"]
[White "Oberhofer, Marie"]
[Black "Baars, Pascal"]
[Result "1-0"]
[WhiteElo "1553"]
[BlackElo "1011"]
[PlyCount "39"]
[EventDate "2015.12.27"]
[EventType "team-swiss"]
[EventRounds "7"]
[EventCountry "GER"]
[SourceTitle "EXT 2017"]
[Source "ChessBase"]
[SourceDate "2016.10.25"]
[SourceVersion "1"]
[SourceVersionDate "2016.10.25"]
[SourceQuality "1"]
[WhiteTeam "Regensburg Bavaria"]
[BlackTeam "Lingen"]
[WhiteTeamCountry "GER"]
[BlackTeamCountry "GER"]

1. e4 g6 2. d4 Bg7 3. Nc3 c6 4. Be2 Nf6 5. Nf3 d5 6. e5 Ng4 7. h3 Nh6 8. Bf4 0-0 9. Qd2 Nf5 10. g4 e6 11. gxf5 exf5 12. 0-0-0 Re8 13. h4 h6 14. Bxh6 Nd7 15. Bxg7 Kxg7 16. h5 b5 17. hxg6 fxg6 18. Qh6+ Kf7 19. Ng5+ Ke7 20. Qg7# 1-0